Missing Word: Jennifer Lawrence Quiz Stats

Quiz Updated Jun 19, 2014

Challenge
Share
Tweet
Embed
Score 0/12 Timer 02:00
1 Play Today
Movie Missing Word % Correct
The ______ GamesHunger
97.2%
The Hunger Games: Catching _____Fire
95.9%
________ HustleAmerican
92.1%
Silver Linings ________Playbook
91.6%
X-Men: Days of Future ____Past
81.5%
_____ at the End of the StreetHouse
81.1%
X-Men: First _____Class
71.9%
Winter's ____Bone
61.4%
Garden _____Party
24%
____ CrazyLike
17.3%
The _______ PlainBurning
11.9%
The _____ HousePoker
10.3%

Today's Daily Dose

Missing Word
NPR Programs

Quick Pick
1991 Events

On This Day
June 18th II

You're not logged in!

Compare scores with friends on all Sporcle quizzes.
Join for Free
OR
Log In

You Might Also Like...

Show Comments

Extras

Top Quizzes Today


Score Distribution

Your Account Isn't Verified!

In order to create a playlist on Sporcle, you need to verify the email address you used during registration. Go to your Sporcle Settings to finish the process.

Report this User

Report this user for behavior that violates our Community Guidelines.

Details: